South Eastern Kenya University

Library Online Public Access Catalogue


Social work : (Record no. 16980)

MARC details
000 -LEADER
fixed length control field 01893cam a2200421 i 4500
001 - CONTROL NUMBER
control field 18837998
003 - CONTROL NUMBER IDENTIFIER
control field OSt
005 - DATE AND TIME OF LATEST TRANSACTION
control field 20180723102920.0
008 - FIXED-LENGTH DATA ELEMENTS--GENERAL INFORMATION
fixed length control field 151030s2012 enk b 001 0 eng d
010 ## - LIBRARY OF CONGRESS CONTROL NUMBER
LC control number 2011934508
015 ## - NATIONAL BIBLIOGRAPHY NUMBER
National bibliography number GBB1D4412
Source bnb
016 7# - NATIONAL BIBLIOGRAPHIC AGENCY CONTROL NUMBER
Record control number 015974387
Source Uk
020 ## - INTERNATIONAL STANDARD BOOK NUMBER
International Standard Book Number 9781446200513 (hbk.)
020 ## - INTERNATIONAL STANDARD BOOK NUMBER
International Standard Book Number 1446200515 (hbk.)
020 ## - INTERNATIONAL STANDARD BOOK NUMBER
International Standard Book Number 9781446200520 (pbk.)
020 ## - INTERNATIONAL STANDARD BOOK NUMBER
International Standard Book Number 1446200523 (pbk.)
035 ## - SYSTEM CONTROL NUMBER
System control number (OCoLC)ocn762991659
040 ## - CATALOGING SOURCE
Original cataloging agency SEku
042 ## - AUTHENTICATION CODE
Authentication code lccopycat
050 00 - LIBRARY OF CONGRESS CALL NUMBER
Classification number HV40
Item number .F634 2012
082 04 - DEWEY DECIMAL CLASSIFICATION NUMBER
Classification number 361.3
Edition number 23
100 1# - MAIN ENTRY--PERSONAL NAME
Personal name Fook, Jan.
245 10 - TITLE STATEMENT
Title Social work :
Remainder of title a critical approach to practice /
Statement of responsibility, etc. Jan Fook.
250 ## - EDITION STATEMENT
Edition statement Second Edition
260 ## - PUBLICATION, DISTRIBUTION, ETC. (IMPRINT)
Place of publication, distribution, etc. London ;
-- Thousand Oaks, Calif. :
Name of publisher, distributor, etc. SAGE,
Date of publication, distribution, etc. 2012.
300 ## - PHYSICAL DESCRIPTION
Extent xiv, 216 pages ;
Dimensions 25 cm
336 ## - CONTENT TYPE
Content type term text
Content type code txt
Source rdacontent
337 ## - MEDIA TYPE
Media type term unmediated
Media type code n
Source rdamedia
338 ## - CARRIER TYPE
Carrier type term volume
Carrier type code nc
Source rdacarrier
500 ## - GENERAL NOTE
General note Previous edition: 2002.
504 ## - BIBLIOGRAPHY, ETC. NOTE
Bibliography, etc Includes bibliographical references (pages 197-208) and index.
505 0# - FORMATTED CONTENTS NOTE
Formatted contents note pt. 1. Critical Potential and Current Challenges -- Ch. 1. The Critical Tradition of Social Work -- Ch. 2. Current Contexts of Practice: Challenges and Possibilities -- pt. 2. Rethinking Ideas -- Ch. 3. New Ways of Knowing -- Ch. 4. Power -- Ch. 5. Discourse, Language and Narrative -- Ch. 6. Identity and Difference -- pt. 3. Redeveloping Practices -- Ch. 7. Critical Deconstruction and Reconstruction -- Ch. 8. Empowerment -- Ch. 9. Problem Conceptualisation and Assessment -- Ch. 10. Narrative Strategies -- Ch. 11. Contextual Practices: Strategies for Working in and with Contexts -- Ch. 12. Ongoing Learning.
650 #0 - SUBJECT ADDED ENTRY--TOPICAL TERM
Topical term or geographic name as entry element Social service.
650 #7 - SUBJECT ADDED ENTRY--TOPICAL TERM
Topical term or geographic name as entry element Social service.
Source of heading or term fast
Authority record control number (OCoLC)fst01123192
906 ## - LOCAL DATA ELEMENT F, LDF (RLIN)
a 7
b cbc
c copycat
d 2
e ncip
f 20
g y-gencatlg
942 ## - ADDED ENTRY ELEMENTS (KOHA)
Source of classification or shelving scheme Library of Congress Classification
Koha item type General circulation
Holdings
Withdrawn status Lost status Source of classification or shelving scheme Damaged status Not for loan Home library Current library Shelving location Date acquired Source of acquisition Total Checkouts Full call number Barcode Date last seen Price effective from Koha item type
    Library of Congress Classification     Wote Campus Library Wote Campus Library General Stacks 23/07/2018 Donation Book Aid   HV40 .F634 2012 2018/020136 23/07/2018 23/07/2018 General circulation
Kitui, Kenya.
+254736116989
library@seku.ac.ke